000 00853nam a2200253 i 4500
001 189262
003 SpMaBN
005 20240105152853.0
008 190503s2013 sp |||| | spa d
020 _a978-84-206-1127-3
080 _a591.58
100 1 _aHart, Stephen.
_9166962
245 1 3 _aEl lenguaje de los animales /
_cStephen Hart ; [traducción de María Villagrasa Ferrer].
260 _aMadrid :
_bAlianza Editorial,
_c[2013]
300 _a167 p. ;
_c18 cm.
490 1 _aEl libro de bolsillo.
_aCiencias ;
_v18
500 _aÍndice.
504 _aBibliografía: p. 161-162.
650 7 _aAnimales-
_xComunicación.
_9166961
830 0 _aEl libro de bolsillo.
_aCiencias ;
_v18
_9225805
852 _aES-MaACL
_jA-14552
_9196400
_bR.152136
_cDEPO1
_dOlim: N-7552
_hDonación: Editorial
942 _2udc
999 _c189262
_d189262